| 000 | 01071nam a22003137a 4500 | ||
|---|---|---|---|
| 001 | 7685 | ||
| 003 | FISKH | ||
| 005 | 20250731094758.0 | ||
| 008 | 250731b cb ||||| |||| 00| 0 eng d | ||
| 020 | _a9781848797192 | ||
| 040 |
_aFISKH _beng _cFISKH _dFISKH |
||
| 050 | _aPZ7 | ||
| 082 | _a398.2 | ||
| 100 | _aBaker, Sara | ||
| 245 |
_aSleeping beauty / _cIllustrations by Sara Baker |
||
| 250 | _aThis edition first published in 2010 | ||
| 260 |
_aNashvilles : _bMake Believe Idea Ltd., _c2007. |
||
| 300 |
_a31 pages : _bcolor illustrations ; _c23 cm . |
||
| 490 |
_aReady to read _vLevel 1 |
||
| 505 | _aJ | ||
| 520 | _aRetells the classic fairy tale in which a princess sleeps for a hundred years and is reawakened by a prince, and includes a picture dictionary and other resources for readers | ||
| 521 | 8 |
_a500
_bLexile estimate |
|
| 521 | 8 |
_aJ
_bRaz-Plus |
|
| 650 |
_aHardcove _vFairy tales |
||
| 650 |
_aPrincess _vJuvenile Literature |
||
| 650 |
_aLittle kids _vJuvenile Literature |
||
| 942 |
_2ddc _cBK _n0 |
||
| 999 |
_c7685 _d7685 |
||